• 首页
  • 本馆介绍
  • 公告通知
  • 最新文献
  • 馆藏检索
  • 电子资源
  • 读者导购
  • 参考咨询
  • 我的图书馆
  • 登录
  • 详细信息显示
  • 放入我的书架
  • 预约/预借图书
  • 作者相关作品
  • 分类相关作品
  • 丛书相关作品
  • 出版社相关作品

书目信息

  • 表格格式
  • 工作单格式
  • 卡片格式
题名:
外国名作家传
    
 
作者: 张英伦 编
分册: 上  
出版信息: 北京   中国社会科学出版社  1979
页数: 689页
开本: 19cm
丛书名:
单 册:
中图分类: K815.6 , K811
科图分类:
主题词: 作家--列传--外国 , 人物--传记--世界
电子资源:
ISBN:
000 00650nam0 2200241 450
001 1550168000
005 20150120135638.62
010    @dCNY1.50
091    @a11190.019@dCNY1.56
100    @a20061024d1979 em y0chiy0121 ea
101 0  @achi
102    @aCN@b110000
105    @ay z 000yc
200 1  @a外国名作家传@9wai guo ming zuo jia zhuan@h上@f张英伦等主编
210    @a北京@c中国社会科学出版社@d1979
215    @a689页@d19cm
606 0  @a作家@x列传@y外国
606 0  @a人物@x传记@x世界
690    @aK815.6@v5
690    @aK811@v4
701  0 @a张英伦@9zhang ying lun eng@4编
801  0 @aCN@bTSSF@c20150120
905    @aZUCC@dK811@eJY5:1
    
    外国名作家传.上/张英伦等主编.-北京:中国社会科学出版社,1979
    689页;19cm
    
    
    ISBN :CNY1.50
    
●
相关链接 在E读中查询图书 在五车中查询图书 在当当中查询图书 在豆瓣中查询图书


正题名:外国名作家传     索取号:K811/JY5:1         预约/预借

序号 登录号 条形码 馆藏地/架位号 状态 备注
1 7849798   278497985   学院路分馆/ [索取号:K811/JY5:1] 在馆    
唐山师范学院图书馆 欢迎您!
大连网信软件有限公司© 版权所有